000
00308 a2200145 4500
001
71819
020
_a
040
_c
Anchieta - Colégio São Paulo
240
1
0
_a
Dois bons amigos
_l
por
245
1
0
_a
Dois bons amigos
300
_a
13
362
0
_a
0
650
4
_a
Literatura infanto-juvenil
942
_c
BK
999
_c
71819
_d
71819